MARC

LEADER 00000nam0a2200000 4500
001 116474
005 20231031123231.0
035 |a (RuTPU)RU\TPU\book\126051 
035 |a RU\TPU\book\124184 
090 |a 116474 
100 |a 20070522d1990 k y0rusy50 ca 
101 0 |a rus 
102 |a RU 
105 |a a b 000zy 
200 1 |a Пластинчатые теплообменные аппараты  |e  каталог  |f Центральный институт научно-технической информации и технико-экономических исследований по химическому и нефтяному машиностроению (ЦИНТИХИМНЕФТЕМАШ); сост. Л. М. Коваленко; К. М. Деревянченко; Л. Г. Саломатина 
210 |a Москва  |c ЦИНТИХИМНЕФТЕМАШ  |d 1990 
215 |a 52 с.  |c ил. 
610 1 |a каталоги 
610 1 |a пластинчатые теплообменные аппараты 
610 1 |a теплообменные аппараты 
610 1 |a теплообменники 
675 |a 621.1.016.4(085)  |v 3 
702 1 |a Коваленко  |b Л. М.  |4 220 
702 1 |a Деревянченко  |b К. М.  |4 220 
702 1 |a Саломатина  |b Л. Г.  |4 220 
712 0 2 |a Центральный институт научно-технической информации и технико-экономических исследований по химическому и нефтяному машиностроению (ЦИНТИХИМНЕФТЕМАШ)  |2 stltpush  |3 (RuTPU)RU\TPU\col\10810 
801 1 |a RU  |b 63413507  |c 20070426  |g PSBO 
801 2 |a RU  |b 63413507  |c 20090508  |g PSBO 
942 |c BK